000 00635nam a2200229Ia 4500
008 160319s9999 xx 000 0 und d
020 _a971855850
050 _aFIL RA 790
050 _b.G34 2008
100 _aGaerlan, Josefina E.
245 _aPrinciples of mental hygiene /
245 _cJosefina E. Gaerlan, Delia A Limpingco, Geraldine E. Tria.
250 _a5th Edition
260 _aQuezon City:
260 _bKen Inc.,
260 _c2008
300 _a148 pages :
300 _billustrations ;
300 _c22 cm.
500 _aIncludes bibliographical references.
650 _aMental hygiene -- Philippines.
999 _c291588
_d291588